000 00473cam a2200181ua 4500
001 2090
008 110812n ii |||gr||||Z||||||eng
040 _cMAIN
082 _a378.1
100 _aDongerkery, S. R.,
_d1967,
245 1 _aUniversity autoniomy in india
_cby S. R. Dongerkery
250 _a1st.
260 _aBombay:
_blalvani publishing house,967.
300 _aix; 128p:
_c23cm.
653 _aEducation
653 _aUniversity autoniomy in india
942 _cBK
999 _c1959
_d1959